[Event "Challenge"]
[Site "http://www.queenalice.com/game.php?id=1227421"]
[Date "2013.10.26"]
[Round "-"]
[White "gero79"]
[Black "AlekinePb"]
[Result "1-0"]
[WhiteElo "2431"]
[BlackElo "1877"]

1. e4 e6 2. Nf3 d5 3. exd5 exd5 4. d4 Nf6 5. Bd3 Bd6 6. O-O O-O 7. Re1 Bg4 8. h3
Bh5 9. c3 c5 10. Bg5 c4 11. Bf5 Nc6 12. Nbd2 Ne7 13. Bxf6 gxf6 14. Bc2 Bg6 15.
Nf1 b5 16. Nh4 a5 17. Ne3 b4 18. Qf3 Qd7 19. Ng4 Kh8 20. Qxf6+ Kg8 21. Nh6# 1-0

[Event "AUTO-ELITE-1227"]
[Site "http://www.queenalice.com/game.php?id=1227536"]
[Date "2013.10.26"]
[Round "1"]
[White "gero79"]
[Black "patoche"]
[Result "1/2-1/2"]
[WhiteElo "2432"]
[BlackElo "2443"]

1. d4 Nf6 2. c4 Nc6 3. Nc3 e5 4. d5 Ne7 5. e3 Ng6 6. h4 Bb4 7. h5 Ne7 8. h6 g6
9. Nf3 Bxc3+ 10. bxc3 d6 11. Ng5 O-O 12. e4 Ne8 13. Bd3 f6 14. Nf3 Bg4 15. O-O
c6 16. Be2 Qc7 17. Rb1 b6 18. Re1 Rc8 19. Rb3 Rf7 1/2-1/2

[Event "AUTO-ELITE-1227"]
[Site "http://www.queenalice.com/game.php?id=1227537"]
[Date "2013.10.26"]
[Round "1"]
[White "patoche"]
[Black "gero79"]
[Result "1/2-1/2"]
[WhiteElo "2443"]
[BlackElo "2432"]

1. e4 c5 2. Nf3 d6 3. d4 cxd4 4. Nxd4 Nf6 5. Nc3 a6 6. h3 e5 7. Nde2 Be6 8. g4
h6 9. Bg2 Nbd7 10. Be3 Be7 11. Qd2 Rc8 12. O-O-O O-O 13. Kb1 Qc7 14. f4 b5 15.
a3 Nb6 16. b3 exf4 17. Nxf4 Na4 18. Nce2 1/2-1/2

[Event "AUTO-ELITE-1227"]
[Site "http://www.queenalice.com/game.php?id=1227538"]
[Date "2013.10.26"]
[Round "1"]
[White "gero79"]
[Black "BEBADO"]
[Result "1-0"]
[WhiteElo "2445"]
[BlackElo "2172"]

1. d4 Nf6 2. c4 g6 3. Nc3 Bg7 4. Nf3 O-O 5. e4 d6 6. h3 e5 7. d5 a5 8. Bd3 Na6
9. O-O Nh5 10. Bg5 f6 11. Be3 Nc5 12. Bc2 Nf4 13. a3 f5 14. exf5 gxf5 15. Bxf4
exf4 16. Qd2 Be5 17. Rae1 Qf6 18. Nb5 Rf7 19. Nxe5 dxe5 20. d6 c6 21. Nc7 Ra7
22. f3 Be6 23. Qc3 Nd7 24. c5 a4 25. Re2 Kf8 26. Rfe1 Rg7 27. Nxe6+ Qxe6 28.
Rxe5 Nxe5 29. Rxe5 Qh6 30. Rxf5+ Ke8 31. Qe5+ Kd7 32. Rf6 1-0

[Event "AUTO-ELITE-1227"]
[Site "http://www.queenalice.com/game.php?id=1227539"]
[Date "2013.10.26"]
[Round "1"]
[White "BEBADO"]
[Black "gero79"]
[Result "0-1"]
[WhiteElo "2180"]
[BlackElo "2442"]

1. e4 c5 2. Nf3 d6 3. d4 cxd4 4. Nxd4 Nf6 5. Nc3 a6 6. g3 e5 7. Nde2 Be6 8. Bg2
Be7 9. O-O O-O 10. h3 Nbd7 11. g4 b5 12. Ng3 h6 13. Be3 Nc5 14. f4 exf4 15. Bxf4
Re8 16. Nd5 Nxd5 17. exd5 Bd7 18. Qf3 Rf8 19. Rae1 b4 20. Nh5 f5 21. Qe3 Rf7 22.
Qd4 g6 23. Ng3 Bf6 24. Qxb4 Rb8 25. Qd2 Rxb2 26. Bxd6 Qb6 27. Bxc5 Qxc5+ 28. Kh1
Bg5 29. Qd1 Rxc2 30. gxf5 gxf5 31. Re2 Rc1 32. Qb3 Bb5 0-1

[Event "AUTO-ELITE-1236"]
[Site "http://www.queenalice.com/game.php?id=1231038"]
[Date "2013.11.8"]
[Round "1"]
[White "gero79"]
[Black "Brooke"]
[Result "0-1"]
[WhiteElo "2471"]
[BlackElo "2787"]

1. d4 Nf6 2. c4 g6 3. Nc3 Bg7 4. Nf3 O-O 5. e4 d6 6. Be2 e5 7. d5 a5 8. O-O Na6
9. Be3 b6 10. Nd2 Nd7 11. a3 f5 12. f3 f4 13. Bf2 Qg5 14. Nb5 Nf6 15. Re1 h5 16.
h4 Qh6 17. c5 bxc5 18. b4 g5 19. bxc5 g4 20. cxd6 g3 21. Ba7 Ne8 22. dxc7 Nexc7
23. Nxc7 Rxa7 24. Nxa6 Qb6+ 25. Kh1 Rxa6 26. Qc2 Qd8 27. Kg1 Qxh4 28. Nf1 Rh6
29. Qc7 Qg5 30. d6 Be6 31. Nd2 h4 32. Bc4 Bxc4 33. Nxc4 h3 34. Kf1 h2 35. Ke2
Qd8 36. Qc6 Qa8 37. Qxa8 Rxa8 38. Rh1 Bf8 39. Rad1 Rd8 40. a4 Bxd6 41. Rd2 Bc7
42. Rxd8+ Bxd8 43. Nxe5 Rb6 44. Nd3 Bg5 0-1

[Event "AUTO-ELITE-1236"]
[Site "http://www.queenalice.com/game.php?id=1231039"]
[Date "2013.11.8"]
[Round "1"]
[White "Brooke"]
[Black "gero79"]
[Result "1-0"]
[WhiteElo "2795"]
[BlackElo "2426"]

1. d4 d5 2. c4 c6 3. Nf3 Nf6 4. Nc3 e6 5. Bg5 Nbd7 6. e3 Be7 7. Bd3 O-O 8. O-O
h6 9. Bh4 b6 10. Qe2 Bb7 11. cxd5 Nxd5 12. Bg3 Nxc3 13. bxc3 c5 14. Rfd1 cxd4
15. exd4 Nf6 16. c4 Bd6 17. Ne5 Qc7 18. c5 bxc5 19. dxc5 Bxc5 20. Ng4 Qe7 21.
Bh4 Bd4 22. Bh7+ Kxh7 23. Qd3+ Kh8 24. Qxd4 Rfd8 25. Qb2 Rxd1+ 26. Rxd1 Rd8 27.
Re1 e5 28. h3 Ba8 29. Bxf6 gxf6 30. Qc1 Qf8 31. Nxh6 Qg7 32. Ng4 f5 33. Qh6+
Qxh6 34. Nxh6 Kh7 35. Nxf5 f6 36. Rc1 Rd7 37. Ne3 Kg6 38. Rc4 Bb7 39. Rg4+ Kf7
40. Ra4 a6 41. Rb4 Bc8 42. g4 Rd6 43. a4 Rd4 44. Rxd4 exd4 45. Nf5 Ke6 46. Nxd4+
Ke5 47. Ne2 f5 48. f4+ Ke4 49. g5 1-0

[Event "AUTO-ELITE-1236"]
[Site "http://www.queenalice.com/game.php?id=1231040"]
[Date "2013.11.8"]
[Round "1"]
[White "gero79"]
[Black "zhiii00"]
[Result "1-0"]
[WhiteElo "2434"]
[BlackElo "2228"]

1. e4 e6 2. d4 d5 3. e5 c5 4. Nf3 cxd4 5. Nxd4 Bc5 6. Qg4 Kf8 7. Nd2 Nc6 8. Nxc6
bxc6 9. Bd3 Ne7 10. O-O Bd7 11. b4 Bb6 12. a4 c5 13. bxc5 Bxc5 14. Nb3 Bb6 15.
Qg3 Nc6 16. c4 Nd4 17. Nxd4 Bxd4 18. Rb1 dxc4 19. Be4 Rc8 20. Rd1 Bc5 21. Rb7
Rc7 22. Ba3 Bxa3 23. Qxa3+ 1-0

[Event "AUTO-ELITE-1236"]
[Site "http://www.queenalice.com/game.php?id=1231041"]
[Date "2013.11.8"]
[Round "1"]
[White "zhiii00"]
[Black "gero79"]
[Result "0-1"]
[WhiteElo "2221"]
[BlackElo "2438"]

1. e4 c5 2. Nf3 d6 3. d4 cxd4 4. Nxd4 Nf6 5. Nc3 a6 6. Be2 e5 7. Nb3 Be6 8. O-O
Nbd7 9. a4 Rc8 10. Bg5 Be7 11. Bf3 O-O 12. Re1 Re8 13. h3 h6 14. Bh4 Rc4 15. Nd2
Rb4 16. b3 Qc7 17. Re3 Nxe4 18. Ndxe4 Rd4 19. Rd3 Bxh4 20. Rxd4 exd4 21. Qxd4
Ne5 22. Be2 Rd8 23. Rc1 d5 24. Nc5 Bf6 25. Nxe6 fxe6 26. Qd2 Nf7 0-1

[Event "OS INCLIVEIS"]
[Site "http://www.queenalice.com/game.php?id=1237955"]
[Date "2013.12.5"]
[Round "-"]
[White "adelio"]
[Black "gero79"]
[Result "0-1"]
[WhiteElo "1737"]
[BlackElo "2448"]

1. b4 e5 2. b5 a6 3. c4 axb5 4. cxb5 d5 5. Bb2 Bd6 6. g3 Nf6 7. Nf3 e4 8. Ng5 h6
9. Nxf7 Kxf7 10. e3 Nbd7 11. Be2 Ne5 12. h4 Rf8 13. h5 Kg8 14. Bxe5 Bxe5 15. Nc3
d4 16. exd4 Qxd4 17. g4 Nxg4 18. Qb3+ Kh8 19. O-O-O Nxf2 20. Rhf1 e3 21. Qc4 Qd6
22. Kc2 Bf5+ 23. d3 Be6 24. Qh4 Qc5 25. Qc4 Bxc4 26. dxc4 Qb4 27. Rd3 Rxa2+ 28.
Kc1 Qb2# 0-1

[Event "AUTO-ELITE-1047"]
[Site "http://www.queenalice.com/game.php?id=1241040"]
[Date "2013.12.18"]
[Round "2"]
[White "gero79"]
[Black "TigranPetrosian"]
[Result "0-1"]
[WhiteElo "2413"]
[BlackElo "2265"]

1. e4 e6 2. Nf3 d5 3. exd5 exd5 4. d4 Nf6 5. Bd3 Bg4 6. O-O Be7 7. h3 Bxf3 8.
Qxf3 O-O 9. Re1 c6 10. Be3 Nbd7 11. Nd2 Re8 12. c3 Bd6 13. Re2 Qb6 14. Rae1 Re7
15. c4 Bb4 16. cxd5 Nxd5 17. Nc4 Qa6 18. Ra1 Rae8 19. a3 b5 20. Rc1 bxc4 21.
Bxc4 Qb7 22. axb4 N7f6 23. Bd2 Rxe2 0-1

[Event "AUTO-ELITE-1047"]
[Site "http://www.queenalice.com/game.php?id=1241041"]
[Date "2013.12.18"]
[Round "2"]
[White "TigranPetrosian"]
[Black "gero79"]
[Result "1-0"]
[WhiteElo "2248"]
[BlackElo "2425"]

1. e4 c5 2. Nf3 d6 3. Bb5+ Nc6 4. Bxc6+ bxc6 5. d3 e5 6. h3 Ne7 7. Nc3 Ng6 8.
O-O Be7 9. Be3 O-O 10. Re1 f5 11. exf5 Bxf5 12. Bd2 Qe8 13. Ne4 d5 14. Ng3 Bxh3
15. Nxe5 Nxe5 16. Rxe5 Qf7 17. Qe1 Bd6 18. Re3 Bd7 19. Rf3 Qg6 20. Qe2 Bg4 21.
Rxf8+ Rxf8 22. Qe3 h6 23. Ba5 1-0

[Event "AUTO-ELITE-1203"]
[Site "http://www.queenalice.com/game.php?id=1241831"]
[Date "2013.12.21"]
[Round "2"]
[White "gero79"]
[Black "FabioDavid"]
[Result "0-1"]
[WhiteElo "2449"]
[BlackElo "2562"]

1. e4 e5 2. Nf3 Nc6 3. Bc4 Nf6 4. d3 Bc5 5. O-O O-O 6. c3 d6 7. b4 Bb6 8. Nbd2
h6 9. a4 a6 10. h3 Re8 11. Re1 Be6 12. Bxe6 Rxe6 13. Nc4 Ba7 14. Be3 Bxe3 15.
Nxe3 Re8 16. Rb1 Qd7 17. Qc2 Ne7 18. Kh2 Ng6 19. g3 Rad8 20. Kg2 d5 21. c4 d4
22. Nd5 Re6 23. b5 Rb8 24. Rb2 a5 25. Qd2 b6 26. Rc1 Rbe8 27. Nxf6+ Rxf6 28. Qd1
Nf8 29. c5 Qe7 30. Rbc2 Re6 31. cxb6 cxb6 32. Rc7 Qd8 33. Qb3 R6e7 34. Rxe7 Qxe7
35. Rc6 Nd7 36. Qc4 Kh7 37. Qd5 Nc5 38. Rxb6 Nxa4 39. Rb7 Qe6 40. Ra7 f6 0-1

[Event "AUTO-ELITE-1203"]
[Site "http://www.queenalice.com/game.php?id=1241832"]
[Date "2013.12.21"]
[Round "2"]
[White "FabioDavid"]
[Black "gero79"]
[Result "1-0"]
[WhiteElo "2550"]
[BlackElo "2461"]

1. e4 c5 2. Nf3 d6 3. d4 cxd4 4. Nxd4 Nf6 5. Nc3 a6 6. Be2 e5 7. Nb3 Be7 8. O-O
O-O 9. Be3 Be6 10. f4 exf4 11. Rxf4 Nc6 12. Nd4 Nxd4 13. Qxd4 Rc8 14. Rd1 Re8
15. Rf2 Qa5 16. a3 Nd7 17. Qb4 Qxb4 18. axb4 Ne5 19. b5 axb5 20. Bxb5 Ng4 21.
Bxe8 Nxe3 22. Rd3 Nc4 23. Bb5 Nxb2 24. Rdf3 Bf6 25. Nd5 Bxd5 26. Rxf6 gxf6 27.
exd5 Kg7 28. Rd2 Rc5 29. Bf1 b5 30. Kf2 Na4 31. Kf3 f5 32. Rd4 Rxc2 33. Bxb5 Nc5
34. Rf4 Rc3+ 35. Kf2 Rb3 36. Bc4 Rb2+ 37. Kf3 Kg6 38. g4 Rxh2 39. Rxf5 h6 40.
Rf4 Rh3+ 41. Kg2 Ra3 42. Bb5 Ra5 43. Be8 Ra7 44. Rf3 Ne4 45. Rf4 Ra2+ 46. Kf3
Nf6 47. Bc6 Ra3+ 48. Kg2 1-0

[Event "AUTO-ELITE-1279"]
[Site "http://www.queenalice.com/game.php?id=1252159"]
[Date "2014.1.29"]
[Round "1"]
[White "trompmaster"]
[Black "gero79"]
[Result "1-0"]
[WhiteElo "2412"]
[BlackElo "2434"]

1. Nf3 Nf6 2. d4 d5 3. e3 Nc6 4. Nbd2 Bf5 5. Bb5 g6 6. Ne5 Bd7 7. a4 Nxe5 8.
dxe5 c6 9. exf6 cxb5 10. fxe7 Qxe7 11. axb5 Bxb5 12. Nf3 Bg7 13. Qxd5 a6 14. Qb3
Rc8 15. Bd2 Qe4 16. Bc3 O-O 17. Bxg7 Kxg7 18. c3 Rfe8 19. h4 Qd3 20. Nd4 Rcd8
21. c4 Qxd4 22. cxb5 Qd2+ 23. Kf1 Rd3 24. Qa4 Qxb2 25. bxa6 b5 26. Qa5 Rd2 27.
Rh2 Rc8 28. Qxd2 Qxd2 29. h5 1-0

[Event "AUTO-ELITE-1279"]
[Site "http://www.queenalice.com/game.php?id=1252160"]
[Date "2014.1.29"]
[Round "1"]
[White "gero79"]
[Black "trompmaster"]
[Result "0-1"]
[WhiteElo "2443"]
[BlackElo "2403"]

1. e4 d6 2. d4 Nf6 3. Nc3 c6 4. Nf3 Bg4 5. h3 Bh5 6. Qe2 e6 7. g4 Bg6 8. h4 h5
9. g5 Nfd7 10. a3 Be7 11. Be3 d5 12. Bg2 Na6 13. Nd2 Qb6 14. O-O-O Nc7 15. f4
Rc8 16. Rhf1 Qa6 17. f5 Qxe2 18. Nxe2 Bh7 19. Ng3 g6 20. f6 Bd6 21. e5 Bf8 22.
Kb1 Nb6 23. Bg1 Kd7 24. Rf3 Rd8 25. Ne2 Kc8 26. Nc1 Nb5 27. Bf1 Na4 28. Ne2 Nb6
29. Nf4 Kb8 30. Be2 Nc7 0-1

[Event "AUTO-ELITE-1227"]
[Site "http://www.queenalice.com/game.php?id=1252722"]
[Date "2014.1.31"]
[Round "2"]
[White "FabioDavid"]
[Black "gero79"]
[Result "1-0"]
[WhiteElo "2556"]
[BlackElo "2455"]

1. e4 e5 2. Nf3 Nc6 3. Bb5 Nf6 4. O-O Be7 5. Re1 d6 6. d4 exd4 7. Nxd4 Bd7 8.
Nc3 O-O 9. a4 a6 10. Bxc6 bxc6 11. h3 Re8 12. Nf3 h6 13. b3 Nh7 14. Qd3 Nf8 15.
e5 d5 16. Ne2 Ng6 17. Nf4 Nxf4 18. Bxf4 Qc8 19. Rad1 Bf5 20. Qd2 Be4 21. Nd4 Qd7
22. f3 Bh7 23. Re2 a5 24. e6 fxe6 25. Rde1 Bb4 26. c3 Bc5 27. Kh1 Bb6 28. Nxe6
Bf5 29. Nd4 Bg6 30. Rxe8+ 1-0

[Event "AUTO-ELITE-1227"]
[Site "http://www.queenalice.com/game.php?id=1252723"]
[Date "2014.1.31"]
[Round "2"]
[White "gero79"]
[Black "FabioDavid"]
[Result "1/2-1/2"]
[WhiteElo "2472"]
[BlackElo "2495"]

1. d4 d5 2. c4 e6 3. Nc3 Be7 4. Nf3 Nf6 5. e3 O-O 6. a3 c5 7. cxd5 exd5 8. dxc5
Bxc5 9. Bd3 Nc6 10. O-O Bg4 11. h3 Bh5 12. g4 Bg6 13. Bxg6 hxg6 14. Kg2 Bb6 15.
b4 d4 16. Na4 d3 17. Rb1 Qd7 18. Bb2 Rfd8 19. Nxb6 axb6 20. b5 Ne7 21. Bxf6 gxf6
22. Rb3 g5 23. Nd4 Ng6 24. Qxd3 Nh4+ 25. Kh1 Qd5+ 26. f3 Ra4 27. Qc2 Rda8 28.
Qd3 1/2-1/2

[Event "AUTO-ELITE-1227"]
[Site "http://www.queenalice.com/game.php?id=1252724"]
[Date "2014.1.31"]
[Round "2"]
[White "patoche"]
[Black "gero79"]
[Result "1/2-1/2"]
[WhiteElo "2518"]
[BlackElo "2467"]

1. e4 c5 2. Nf3 d6 3. d4 cxd4 4. Nxd4 Nf6 5. Nc3 a6 6. h3 e5 7. Nde2 Be6 8. g4
h6 9. Bg2 Nbd7 10. Be3 Rc8 11. Qd2 b5 12. O-O Nb6 13. b3 Bd7 14. Nd5 Nbxd5 15.
exd5 Be7 16. f4 exf4 17. Bxf4 O-O 18. Nd4 Qb6 19. Be3 Qc7 20. Rac1 1/2-1/2

[Event "AUTO-ELITE-1227"]
[Site "http://www.queenalice.com/game.php?id=1252725"]
[Date "2014.1.31"]
[Round "2"]
[White "gero79"]
[Black "patoche"]
[Result "1/2-1/2"]
[WhiteElo "2463"]
[BlackElo "2510"]

1. e4 Nc6 2. d4 d5 3. exd5 Qxd5 4. Nf3 Bg4 5. Nc3 Qh5 6. d5 O-O-O 7. Be2 Bxf3 8.
Bxf3 Qe5+ 9. Be3 e6 10. O-O Nf6 1/2-1/2

[Event "AUTO-ELITE-1210"]
[Site "http://www.queenalice.com/game.php?id=1252875"]
[Date "2014.1.31"]
[Round "2"]
[White "gero79"]
[Black "PhiVer"]
[Result "1/2-1/2"]
[WhiteElo "2469"]
[BlackElo "2634"]

1. e4 c5 2. Nf3 Nc6 3. d4 cxd4 4. Nxd4 Nf6 5. Nc3 e5 6. Ndb5 d6 7. Nd5 Nxd5 8.
exd5 Nb8 9. c4 a6 10. Nc3 Be7 11. Bd3 O-O 12. O-O f5 13. f3 Nd7 14. Be3 Bg5 15.
Bf2 g6 16. b4 Bh4 17. g3 Bf6 18. Rc1 b6 19. a3 Bb7 20. Be2 Rc8 21. Bd3 Qe7 22.
Rc2 Bg7 23. Qe2 Rfe8 24. Rd1 Rc7 25. Rcc1 Bh6 26. Be3 Bxe3+ 27. Qxe3 Rf8 28. Re1
Qf7 29. Kg2 1/2-1/2

[Event "AUTO-ELITE-1210"]
[Site "http://www.queenalice.com/game.php?id=1252876"]
[Date "2014.1.31"]
[Round "2"]
[White "PhiVer"]
[Black "gero79"]
[Result "1-0"]
[WhiteElo "2631"]
[BlackElo "2472"]

1. e4 c5 2. Nf3 d6 3. d4 cxd4 4. Nxd4 Nf6 5. Nc3 a6 6. Be3 e5 7. Nb3 Be6 8. f3
Be7 9. Qd2 Nbd7 10. g4 h6 11. O-O-O b5 12. Kb1 Nb6 13. Qf2 Nfd7 14. h4 Nc4 15.
Bc1 Rc8 16. Nd5 Ndb6 17. Bxc4 Nxc4 18. g5 h5 19. f4 Bxd5 20. exd5 Qd7 21. Rhf1
O-O 22. f5 g6 23. Qe2 a5 24. Qd3 Kh7 25. c3 b4 26. cxb4 axb4 27. Rf2 Rg8 28. Na1
Rc5 29. Nc2 Qb5 30. fxg6+ fxg6 31. Rf7+ Rg7 32. Qf3 Kg8 33. Rxg7+ Kxg7 34. b3
1-0